Essential elements of business statistics / (Record no. 244)

MARC details
000 -LEADER
fixed length control field 00706nam a22001697a 4500
008 - FIXED-LENGTH DATA ELEMENTS--GENERAL INFORMATION
fixed length control field 111108t xxu||||| |||| 00| 0 eng d
020 ## - INTERNATIONAL STANDARD BOOK NUMBER
International Standard Book Number 1858051045
050 ## - LIBRARY OF CONGRESS CALL NUMBER
Classification number HB61.L56
100 ## - MAIN ENTRY--PERSONAL NAME
Personal name Oakshoff, Les
245 ## - TITLE STATEMENT
Title Essential elements of business statistics /
Statement of responsibility, etc. Les Oakshoff
260 ## - PUBLICATION, DISTRIBUTION, ETC.
Place of publication, distribution, etc. Guernsey:
Name of publisher, distributor, etc. Guernsey Press Co. Ltd.,
Date of publication, distribution, etc. c1994.
300 ## - PHYSICAL DESCRIPTION
Extent vi, 144 p.:
Other physical details ill,
Dimensions 28cm.
500 ## - GENERAL NOTE
General note Includes index.
505 ## - FORMATTED CONTENTS NOTE
Formatted contents note Contents: Survey methods -- Presentation of data -- Summarising data -- Probability and decision making -- The Normal distribution -- Analysis and interpretation of sampling data -- Testing a hypothesis -- Correlation and regression.
650 ## - SUBJECT ADDED ENTRY--TOPICAL TERM
Topical term or geographic name entry element Commercial statistics
942 ## - ADDED ENTRY ELEMENTS (KOHA)
Source of classification or shelving scheme Library of Congress Classification
Koha item type Books
Holdings
Withdrawn status Lost status Source of classification or shelving scheme Damaged status Not for loan Home library Current library Shelving location Date acquired Total Checkouts Full call number Barcode Date last seen Price effective from Koha item type
    Library of Congress Classification     WISCONSIN INTERNATIONAL UNIVERSITY COLLEGE, GHANA - MAIN LIBRARY WISCONSIN INTERNATIONAL UNIVERSITY COLLEGE, GHANA - MAIN LIBRARY General Stacks 08/11/2011   HB61.L56 747/11 08/11/2011 08/11/2011 Books

If you have any concerns or questions; kindly contact the library


© Powered by WIUC ICT DIRECTORATE